Lima - Choix multiples - Statistiques

Statistiques générales
  • Ce quiz a été pris 2 415 fois
    2 404 depuis la dernière actualisation
  • Le résultat moyen est 5 sur 10
Statistiques - réponses
Question Réponse % Correct
Quelle chaîne de montagnes entoure la ville ? les Andes
91%
Quel album des aventures de Tintin commence à Callao, dans la banlieue de Lima ? Le Temple du Soleil
68%
Laquelle de ces images représente le ceviche, spécialité très appréciée à Lima ?
54%
Ce dernier a nommé la ville Ciudad de los Reyes. À qui ce nom rend-il hommage ? Aux rois mages
49%
Quel explorateur et conquistador a fondé Lima le 6 janvier 1535 ? Francisco Pizarro
44%
Quel groupe terroriste a bombardé la ville en 1992 ? Sentier lumineux
38%
Comment se caractérise le climat de Lima ? Désertique, il n'y pleut presque jamais
33%
Quel écrivain célèbre, mort à Lima en 2025, a été le premier membre de l'Académie française n'ayant jamais écrit dans notre langue ? Mario Vargas Llosa
32%
Laquelle de ces images représente la pyramide Huaca Pucllana, un vestige datant de la période pré-inca ?
26%
Dans l'ère coloniale, quelle était la principale exportation de la ville depuis le port de Callao ? Argent
23%
Aucun quiz correspondant
Distribution des résultats
% des personnes avec chaque résultat
Percentile par nombre de réponses
Votre historique - résultats
Vous n’avez pas pris ce quiz depuis la dernière actualisation